Волинська духовна семінарія в умовах радянської тоталітарної системи (1945–1964 рр.) (Запис № 459378)
[ простий вигляд ]
| 000 -Лідер | |
|---|---|
| fixed length control field | 02373nam a22002657a 4500 |
| 001 - Контрольний номер | |
| control field | 216218508 |
| 003 - Ідентифікатор контрольного номера | |
| control field | UA-OsUOA |
| 005 - Дата та час останнього входження (трансакції) | |
| control field | 20201121220255.0 |
| 008 - Елементи даних фіксованої довжини – загальна інформація | |
| fixed length control field | 200531b un ||||| m||| 00| 0 ukr d |
| 040 ## - Джерело каталогізації | |
| Агенція оригінальної каталогізації | UA-OsUOA |
| Мова каталогізації | ukr |
| Агенція, яка здійснювала перезапис | UA-OsUOA |
| Агенція, яка здійснювала модифікацію | UA-OsUOA |
| 041 ## - Код мови | |
| Код мови тексту/ звукової доріжки чи окремого заголовка (П) | ukr |
| 080 ## - Індекс Універсальної десяткової класифікації | |
| Індекс Універсальної десяткової класифікації (УДК) (НП) | 94:27(477.82)"1945/1964" |
| 090 ## - Локальний шифр розміщення | |
| Класифікаційний індекс УДК | 94:27(477.82)"1945/1964" |
| 095 ## - Код спеціальності для авторефератів | |
| Код спеціальності | 07.00.01 |
| Назва спеціальності | історія України |
| 100 ## - Основне введення – ім’я особи | |
| Ім’я особи (НП) | Федчук О. М. |
| 245 ## - Відомості про назву | |
| Назва (НП) | Волинська духовна семінарія в умовах радянської тоталітарної системи (1945–1964 рр.) |
| Дані про відповідальність (НП) | Федчук Олександр Миколайович ; наук. керівник Карліна Оксана Миколаївна |
| 260 ## - Публікація, розповсюдження і т.п. (Вихідні дані) | |
| Місце публікації, розповсюдження і т.п. (П) | Луцьк |
| Дата публікації, розповсюдження і т.п. (П) | 2018 |
| 300 ## - Фізичний опис | |
| Обсяг | 20 с. |
| 502 ## - Примітка про дисертацію | |
| Зв'язок | Автореферат дисертації на здобуття наукового ступеня кандидата історичних наук<br/> |
| Наймення інституції, що представляється | Східноєвропейський національний університет імені Лесі Українки |
| Рік отримання вченого ступеня | 2018 |
| 520 ## - Резюме і т.п. | |
| Резюме, реферат, анотація, тощо (НП) | Проведено дослідження функціонування Волинської духовної семінарії в умовах радянської тоталітарної системи 1945–1964 рр. Простежено підготовку до відкриття Волинської духовної семінарії, висвітлено становлення й розвиток навчально-методичного забезпечення у ній. Проаналізовано організацію навчально-виховного процесу у закладі, охарактеризовано його викладацький склад та учнівський колектив. З’ясовано методи і способи контролю державної влади за роботою семінарії, показано вплив ідеологічних чинників на обмеження роботи навчального закладу та його закриття. |
| 650 ## - Додаткове предметне введення – тематичний термін | |
| Джерело заголовка чи терміна | UDC |
| Тематичний термін чи географічна назва, як елемент введення (НП) | 94 Історія |
| 942 ## - Додаткові елементи входу (Коха) | |
| Source of classification or shelving scheme | Universal Decimal Classification |
| Тип елемента Koha | Автореферат |
| 955 ## - Код типу видання за змістом | |
| Код типу видання за змістом (НП) | Наукові видання |
Немає доступних примірників.